000 01268nam a2200277 a 4500
001 000043575
005 20240304145220.0
008 140326s2014 dr 000 0 spa d
020 _a9789993450146
040 _aDO-SdBNP
_bspa
_cBNPHU
082 _a323.622
_bM516v
100 1 _aMejía Gómez, Manuel Z.
_971389
245 1 0 _aVidas truncadas :
_bestudio sociológico sobre el impacto de la falta de documentos de identidad en la escolaridad de menores de ascendencia haitiana en República Dominicana. El caso de San Pedro de Macorís /
_cManuel Z. Mejía Gómez, César Cuello Nieto.
260 _aSanto Domingo :
_bFLACSO,
_c2014.
300 _a332 p. ;
_c23 cm.
504 _aBibliografía p : 303-320.
590 _aInventariado, 2018/BT
650 4 _aNiños
_xEstado legal, legislación, etc.
_zRepública Dominicana
_928721
650 4 _aSegregación en la enseñanza
_xAspectos sociales
_971390
650 4 _aHijos de inmigrantes
_xDerechos civiles
_zRepública Dominicana
_971391
650 4 _aCédula de ciudadanía
_971392
651 4 _aRepública Dominicana
_xCondiciones Sociales
_946
700 1 _aCuello Nieto, César
_937060
710 2 _aFLACSO (Organización).
_bPrograma República Dominicana
_971393
910 _aValidado. Control de calidad. EMS
999 _c43064
_d43064